000 00378nam a22001697a 4500
003 UA-OsUOA
001 1344
007 ta
008 20050721b un ||||| |||| 00| 0 ukr d
100 _aKryda
700 _aB.
942 _cBK
040 _aUA-OsUOA
_cUA-OsUOA
_dUA-OsUOA
245 _aEncyklopedia Szkolna. Literatura i Nauka o Jezyku.
_bPolish
955 _a2
650 7 _2UDC
999 _c287506
_d287506